| 000 | 01053nam a22002417a 4500 | ||
|---|---|---|---|
| 999 |
_c8446 _d8446 |
||
| 003 | AR-CdUCM | ||
| 008 | 190325b ||||| |||| 00| 0 spa d | ||
| 040 |
_aMUNICIPALIDAD PROVINCIAL DEL CUSCO _cBIBLIOTECA MUNICIPAL DEL CUSCO |
||
| 082 |
_a985.008 / _bC73 |
||
| 100 |
_aComisión nacional del sesquicentenario de la independencia del Perú. _923702 |
||
| 245 |
_aAsuntos económicos : _bInformes y oficios del tribunal del consulado / |
||
| 260 |
_aLima : _bComisión nacional del sesquicentenario de la independencia del Perú, _c1971. |
||
| 300 |
_a456 páginas ; _c24 cm. |
||
| 440 |
_aColección documental de la independencia del Perú _921856 |
||
| 505 | _aContenido: V.1: Nuevo gobierno , Lima independencia -- Cupo de 150,000 pesos para auxilio del estado -- Documentos complementarios. | ||
| 650 |
_aEconomía en la independencia _923703 |
||
| 650 |
_aPerú _935 |
||
| 650 |
_aNuevo gobierno _923704 |
||
| 650 |
_aConsulado peruano _923705 |
||
| 700 |
_aTauro, Alberto (edición y prólogo) _923706 |
||
| 942 |
_2ddc _cLIBROS |
||
| 945 | _adavv | ||